Pakistan Main Americi Kirdar / (Record no. 188022)
[ view plain ]
| 000 -LEADER | |
|---|---|
| fixed length control field | 00356 a2200145 4500 |
| 003 - CONTROL NUMBER IDENTIFIER | |
| control field | Nust |
| 005 - DATE AND TIME OF LATEST TRANSACTION | |
| control field | 20230321134213.0 |
| 040 ## - CATALOGING SOURCE | |
| Transcribing agency | Nust |
| 082 ## - DEWEY DECIMAL CLASSIFICATION NUMBER | |
| Classification number | 327.54,JAD |
| 245 ## - TITLE STATEMENT | |
| Title | Pakistan Main Americi Kirdar / |
| Statement of responsibility, etc. | Qazi Javid |
| 260 ## - PUBLICATION, DISTRIBUTION, ETC. | |
| Place of publication, distribution, etc. | LAhore |
| Name of publisher, distributor, etc. | Fiction House |
| 300 ## - PHYSICAL DESCRIPTION | |
| Extent | 568:p |
| 650 ## - SUBJECT ADDED ENTRY--TOPICAL TERM | |
| Topical term or geographic name entry element | Role of USA in Pakistan |
| 9 (RLIN) | 110897 |
| 942 ## - ADDED ENTRY ELEMENTS (KOHA) | |
| Source of classification or shelving scheme | |
| Koha item type | Book |
| Call number prefix | 327.54,JAD |
| Withdrawn status | Lost status | Source of classification or shelving scheme | Damaged status | Not for loan | Permanent Location | Current Location | Shelving location | Date acquired | Full call number | Barcode | Date last seen | Price effective from | Koha item type | Public note |
|---|---|---|---|---|---|---|---|---|---|---|---|---|---|---|
| Military College of Signals (MCS) | Military College of Signals (MCS) | General Stacks | 12/12/2016 | 327.54,JAV | MCS26494 | 12/08/2016 | 12/12/2016 | Book | Almirha No 64, Shelf No 5 |
